000 00714nam a2200193Ii 4500
003 JO-AjNU
008 230605s9999||||xx |||||||||||||| ||und||
040 _aJO-AjNU
_bara
_erda
_cJO-AjNU
041 _aara
050 1 4 _aHA29.5.A7.A2888.1983
100 3 _aابوصالح،محمد صبحي/عدنان محمد عوض,
_eauthor
_918870
245 0 0 _aمقدمة في الاحصاء=Introduction to Statistics
264 3 1 _aنيويورك:دار جون وايلي وابنائه،1983
300 _a339ص
_bجداول احصائية،فهرست عربي انجليزي
336 _atext
_btxt
_2rdacontent
337 _aunmediated
_bn
_2rdamedia
338 _avolume
_bnc
_2rdacarrier
650 4 _aاحصاء
_918871
999 _aA6116
_c9684
_d9684